Writers Choice (Record no. 344111)
[ view plain ]
| 000 -LEADER | |
|---|---|
| fixed length control field | 00966 a2200289 4500 |
| 003 - CONTROL NUMBER IDENTIFIER | |
| control field | OSt |
| 005 - DATE AND TIME OF LATEST TRANSACTION | |
| control field | 20180116182704.0 |
| 008 - FIXED-LENGTH DATA ELEMENTS--GENERAL INFORMATION | |
| fixed length control field | 170824b xxu||||| |||| 00| 0 eng d |
| 020 ## - INTERNATIONAL STANDARD BOOK NUMBER | |
| International Standard Book Number | 0078228166 |
| 020 ## - INTERNATIONAL STANDARD BOOK NUMBER | |
| International Standard Book Number | 9780078228162 |
| 040 ## - CATALOGING SOURCE | |
| Transcribing agency | 0 |
| 082 04 - DEWEY DECIMAL CLASSIFICATION NUMBER | |
| Classification number | 428.2 GLE 2001 |
| 100 1# - MAIN ENTRY--PERSONAL NAME | |
| Personal name | Glenco,William. Choice |
| 245 10 - TITLE STATEMENT | |
| Title | Writers Choice |
| Statement of responsibility, etc. | Glenco. |
| Remainder of title | Grammar and Composition Grade 9 |
| 250 ## - EDITION STATEMENT | |
| Edition statement | Texas Edition |
| 260 ## - PUBLICATION, DISTRIBUTION, ETC. | |
| Place of publication, distribution, etc. | [S.l.] : |
| Name of publisher, distributor, etc. | McGraw-Hill/Glencoe, |
| Date of publication, distribution, etc. | 2001 |
| 300 ## - PHYSICAL DESCRIPTION | |
| Extent | 959p. ; |
| Dimensions | 49 cm. |
| Other physical details | HB |
| 440 ## - SERIES STATEMENT/ADDED ENTRY--TITLE | |
| Title | Writers Choice |
| 490 1# - SERIES STATEMENT | |
| Series statement | Writer's choice grammar and composition. |
| 500 ## - GENERAL NOTE | |
| General note | Hardcover. |
| 700 1# - ADDED ENTRY--PERSONAL NAME | |
| Personal name | Lester, Mark. |
| 700 1# - ADDED ENTRY--PERSONAL NAME | |
| Personal name | Inc, Ligature. |
| 830 #0 - SERIES ADDED ENTRY--UNIFORM TITLE | |
| Uniform title | Writer's choice grammar and composition. |
| 856 40 - ELECTRONIC LOCATION AND ACCESS | |
| Materials specified | Amazon.com |
| Uniform Resource Identifier | <a href="http://www.amazon.com/exec/obidos/ASIN/0026358921/chopaconline-20">http://www.amazon.com/exec/obidos/ASIN/0026358921/chopaconline-20</a> |
| 856 40 - ELECTRONIC LOCATION AND ACCESS | |
| Materials specified | Amazon customer reviews |
| Uniform Resource Identifier | <a href="http://www.chopac.org/cgi-bin/tools/azrev.pl?q=0026358921">http://www.chopac.org/cgi-bin/tools/azrev.pl?q=0026358921</a> |
| 942 ## - ADDED ENTRY ELEMENTS (KOHA) | |
| Institution code [OBSOLETE] | NBS |
| Koha item type | Book |
| Call number prefix | 428.2 GLE 2001 |
| Source of classification or shelving scheme | |
| Withdrawn status | Lost status | Damaged status | Not for loan | Permanent Location | Current Location | Date acquired | Total Checkouts | Full call number | Barcode | Date last seen | Date last checked out | Price effective from | Koha item type | Source of classification or shelving scheme | Total Renewals |
|---|---|---|---|---|---|---|---|---|---|---|---|---|---|---|---|
| Central Library (CL) | Central Library (CL) | 08/28/2013 | 1 | 428.2 GLE | NBSD-269 | 11/23/2017 | 08/23/2017 | 08/28/2013 | Book | ||||||
| Central Library (CL) | Central Library (CL) | 08/28/2013 | 1 | 428.2 GLE | NBSD-268 | 11/23/2017 | 08/23/2017 | 08/28/2013 | Book | ||||||
| Central Library (CL) | Central Library (CL) | 08/28/2013 | 1 | 428.2 GLE | NBSD-267 | 11/23/2017 | 08/23/2017 | 08/28/2013 | Book | ||||||
| Central Library (CL) | Central Library (CL) | 08/28/2013 | 1 | 428.2 GLE | NBSD-740 | 11/23/2017 | 08/23/2017 | 08/28/2013 | Reference | ||||||
| Central Library (CL) | Central Library (CL) | 08/28/2013 | 3 | 428.2 GLE | NBSD-741 | 08/23/2024 | 09/24/2023 | 08/28/2013 | Book | 1 | |||||
| Central Library (CL) | Central Library (CL) | 08/28/2013 | 2 | 428.2 GLE | NBSD-266 | 03/07/2026 | 08/24/2017 | 08/28/2013 | Reference | 1 | |||||
| Central Library (CL) | Central Library (CL) | 08/28/2013 | 2 | 428.2 GLE | NBSD-570 | 10/25/2021 | 08/09/2021 | 08/28/2013 | Book | ||||||
| Central Library (CL) | Central Library (CL) | 08/28/2013 | 2 | 428.2 GLE | NBSD-265 | 04/25/2019 | 03/23/2019 | 08/28/2013 | Book | ||||||
| Central Library (CL) | Central Library (CL) | 08/28/2013 | 2 | 428.2 GLE | NBSD-264 | 11/08/2019 | 11/08/2019 | 08/28/2013 | Book | ||||||
| Central Library (CL) | Central Library (CL) | 08/28/2013 | 3 | 428.2 GLE | NBSD-263 | 05/05/2025 | 12/24/2024 | 08/28/2013 | Book | 3 |
